000
00281nam a2200121Ia 4500
005
20251222154359.0
008
251222s9999||||xx |||||||||||||| ||spa||
020
_a
84-206-1418
082
_a
868.9/D55C
100
_a
"Delibes, Miguel"
245
0
_a
La caza en EspaƱa
942
_c
LIB
999
_c
35206
_d
35206